000 00668nam a2200241Ia 4500
003 OSt
005 20221007071631.0
006 a|||||r|||| 00| 0
007 ta
008 221006b |||||||| |||| 00| 0 eng d
024 _a1,835
037 _cReference Collections
040 _aFLL
_cFLL
_beng
041 _2eng
_aeng
082 _aZ,91, M5
100 _aFreeman M. D. A. Au.
_9689124
245 0 _aIntroduction to jurisprudence
250 _a5th
260 _aLondon
_bEnglsih language book society London
_c1985
650 _aJurisprudence
942 _hZ,91, M5
_cREF
_2CC
999 _c1143858
_d1143858